The lesbian s/m safety manual /

সংরক্ষণ করুন:
গ্রন্থ-পঞ্জীর বিবরন
অন্যান্য লেখক: Califia, Pat
বিন্যাস: গ্রন্থ
ভাষা:ইংরেজি
প্রকাশিত: Boston : Lace Publications, 1988
ট্যাগগুলো: ট্যাগ যুক্ত করুন
কোনো ট্যাগ নেই, প্রথমজন হিসাবে ট্যাগ করুন!

MARC

LEADER 00000nam a22000007i 4500
001 IT\ICCU\UBO\3538818
003 ItRI
005 20260115231832.0
008 081205s1988 xxu|||||| ||||| |||||c
020 |a 1555833012 
040 |b ita  |c importazione bologna sebina 
041 7 |a eng  |2 ISO-639-2 
245 0 4 |a The lesbian s/m safety manual /  |c edited by Pat Califia. 
260 |a Boston :  |b Lace Publications,  |c 1988 
300 |a 76 p. ;  |c 21 cm. 
700 1 |a Califia, Pat  |0 IT\ICCU\UBOV\470075 
790 1 |a Califia-Rice, Patrick  |3 IT\ICCU\LO1V\296574  |z Califia, Pat 
942 |2 ddc  |c BK  |n 0 
952 |0 0  |1 0  |4 0  |6 L_613_960000000000000_CAL  |7 0  |9 13842  |a BO  |b BO  |d 2026-01-15  |i 2489  |l 0  |o L 613.960 CAL  |p BO2489  |r 2026-01-15 23:18:32  |w 2026-01-15  |x [Sebina 7] [1 v.]  |y BK  |z 1 v. 
999 |c 11914  |d 11914